Countries in alphabetic order - Statistics

General Stats
  • This quiz has been taken 18 times
  • The average score is 20 of 24
Answer Stats
Letter Country % Correct
A Austria, Afghanistan, Andorra...
100%
B Bahamas, Botswana, Bulgaria...
100%
C Cambodia, China, Canada...
94%
D Dominica, Denmark, Djibouti...
94%
E Egypt, El Salvador, Ethiopia...
94%
F France, Finland, Fiji...
94%
G Germany, Gambia, Guyana...
88%
H Haiti, Honduras, Hungary...
88%
I Italy, India, Indonesia...
88%
J Jamaica, Japan, Jordan...
88%
K Kyrgyzstan, Kazakhstan, Kenya...
88%
L Liechtenstein, Laos, Latvia...
88%
M Moldova, Malta, Mexico...
88%
O Oman
88%
Q Qatar
88%
N New Zealand, Netherlands, North Korea...
81%
P Panama, Papua new guinea, Poland...
81%
R Russia, Rwanda, Romania...
81%
S San Marino, Spain, Sweden...
81%
T Tuvalu, Timor-Leste, Tanzania...
81%
U Uzbekistan, Uganda, Ukraine...
69%
V Vanuatu, Venezuela, Vatican...
69%
Y Yemen
63%
Z Zambia, Zimbabwe
63%
No matching quizzes found
Score Distribution
Percent of People with Each Score
Percentile by Number Answered
Your Score History
You have not taken this quiz